00299pab a2200121 454500008004000000100001800040245002900058260000900087300000900096362000900105650002600114773003700140180718b1990 xxu||||| |||| 00| 0 eng d aRichter, Alan aBoard games for managers c1990 a95-7 aJul. aTraining - Executives aTraining and Development Journal